Culture Générale - Série 1673 - Statistiques

Statistiques générales
  • Ce quiz a été pris 100 fois
  • Le résultat moyen est 5 sur 10
Statistiques - réponses
Question Réponse % Correct
La balance comportant un plateau et conçue spécifiquement pour peser les nourrissons s'appelle un "pèse-... bébé
89%
Combien de côtés compte un pentadécagone ? quinze
78%
Je peux être de chocolat, d'or dans une rivière ou désigner, au sens figuré, un élément de qualité exceptionnelle; que suis-je ? pépite
69%
Quelle ville est la capitale du Texas ? Austin
56%
Quel est le nom de famille de la comédienne française Zabou ? Breitman
45%
Quel est le métier de Daniel Prévost dans le film : "Le Dîner de cons" ? Inspecteur des împôts
45%
Dans quelle ville européenne le cinéaste américain Fritz Lang est-il né ? Vienne
37%
En 1883, Guy de Maupassant publie "Les Contes de la ... Bécasse
22%
A quel groupe festif doit-on le tube "La Chenille", en 1977 ? La Bande à Basile
18%
Complétez ce titre d'un roman de Marc Levy, sorti en 2003 : "Sept jours pour une... éternité
10%
Aucun quiz correspondant
Distribution des résultats
% des personnes avec chaque résultat
Percentile par nombre de réponses
Votre historique - résultats
Vous n’avez pas pris ce quiz